Normal view
MARC view
Entry Personal Name
001 - CONTROL NUMBER
- control field: 44178
003 - CONTROL NUMBER IDENTIFIER
- control field: ARRUPE
005 - DATE AND TIME OF LATEST TRANSACTION
- control field: 20190125101053.0
008 - FIXED-LENGTH DATA ELEMENTS
- fixed length control field: 190125|| aca||aabn | a|a d
040 ## - CATALOGING SOURCE
- Original cataloging agency: ARRUPE
- Transcribing agency: ARRUPE
100 ## - HEADING--PERSONAL NAME
- Personal name: Zeuner, Friedrich Eberhard,
- Dates associated with a name: 1905-1963,
- Relator term: joint ed.
670 ## - SOURCE DATA FOUND
- Source citation: Work cat.: (ARRUPE)0: Mourant, A. E. (Arthur Ernest), 1904- ed. 44175, Man and cattle,, 1963.